Ukazovatele rentability firmy

Výsledok podnikateľskej činnosti sa dáva do pomeru k vybranej základni – výsledkom sú ukazovatele rentability, ktoré vypovedajú o efektívnosti transformácie vstupov na výstupy.

Enregistré dans:
Détails bibliographiques
Auteur principal: Sovíková, Daniela, 1983-
Autres auteurs: Škriniar, Pavel, 1979-
Format: Chapitre de livre
Langue:slovaque
Sujets:
Tags: Ajouter un tag
Pas de tags, Soyez le premier à ajouter un tag!

MARC

LEADER 00000nla a2200000 4500
001 0180922
005 20240502073108.9
041 0 |a slo 
044 |a SK 
245 1 0 |a Ukazovatele rentability firmy  |c Daniela Sovíková, Pavel Škriniar 
520 |a Výsledok podnikateľskej činnosti sa dáva do pomeru k vybranej základni – výsledkom sú ukazovatele rentability, ktoré vypovedajú o efektívnosti transformácie vstupov na výstupy. 
610 2 0 |a rentabilita podniku 
610 2 0 |a hospodárenie finančné 
610 2 0 |a situácia finančná podniku 
610 2 0 |a financie podnikové 
610 2 0 |a cash flow 
610 2 0 |a ukazovatele finančné 
100 1 |a Sovíková, Daniela, 1983- 
700 1 |a Škriniar, Pavel, 1979-